How to become a successful consultant in your own field

Bibliographic Details
Main Author: Bermont, Hubert (Author)
Format: Book
Language:English
Published: Rocklin, CA : Prima Pub. 1997
Edition:Updated and Expanded Third Edition
Subjects:

MARC

LEADER 00000cam a2200000 7i4500
001 0000009828
005 20241004.0
008 011117 -cn eng
020 |a 0761511008 
040 |a INS   |b eng   |e rda 
090 0 0 |a HD69.C6   |b B47 1997 
100 1 |a Bermont, Hubert ,   |e author 
245 1 0 |a How to become a successful consultant in your own field   |c Hubert Bermont 
250 |a Updated and Expanded Third Edition 
264 1 |a Rocklin, CA :   |b Prima Pub.   |c 1997 
264 4 |c ©1997 
300 |a 212 pages ;   |c 23 cm. 
336 |a text  |2 rdacontent 
337 |a unmediated  |2 rdamedia 
338 |a volume  |2 rdacarrier 
500 |a Includes index 
650 0 |a Business consultants 
999 |a 0000008494   |b BOOK   |c Open Shelf   |e Default branch